Čoraz viac stúpajúce náklady

Mýto, dane a ceny pohonných hmôt ako najvyššie nákladové položky cestných dopravcov. Zvýšené mýto v Rakúsku, Českej republike a pripravované rozšírenie mýtnych poplatkov v Nemecku. Najnižšie ceny nafty v Európe. Zmluvne chránená cena prepravy. Kde tankovať. Cestná daň v Európe.

Uložené v:
Podrobná bibliografia
Hlavný autor: Valachovičová, Viktória
Médium: Kapitola
Jazyk:Slovak
Predmet:
Tagy: Pridať tag
Žiadne tagy, Buďte prvý, kto otaguje tento záznam!

MARC

LEADER 00000naa a2200000 4500
001 0200796
005 20231113103025.4
041 0 |a slo 
044 |a SK 
245 1 0 |a Čoraz viac stúpajúce náklady  |c Viktória Valachovičová 
520 |a Mýto, dane a ceny pohonných hmôt ako najvyššie nákladové položky cestných dopravcov. Zvýšené mýto v Rakúsku, Českej republike a pripravované rozšírenie mýtnych poplatkov v Nemecku. Najnižšie ceny nafty v Európe. Zmluvne chránená cena prepravy. Kde tankovať. Cestná daň v Európe. 
610 2 0 |a doprava cestná nákladná 
610 2 0 |a preprava 
610 2 0 |a náklady 
610 2 0 |a ceny 
610 2 0 |a hmoty pohonné 
610 2 0 |a poplatky 
610 2 0 |a dane cestné 
610 2 0 |a Európa 
100 1 |a Valachovičová, Viktória